Willmington's complete guide to Bible knowledge / (Record no. 4888)

MARC details
000 -LEADER
fixed length control field 01254cam a2200325 a 4500
001 - CONTROL NUMBER
control field 2945633
003 - CONTROL NUMBER IDENTIFIER
control field OSt
005 - DATE AND TIME OF LATEST TRANSACTION
control field 20181217174137.0
008 - FIXED-LENGTH DATA ELEMENTS--GENERAL INFORMATION
fixed length control field 900209m19909999ilu bd 000 0deng
010 ## - LIBRARY OF CONGRESS CONTROL NUMBER
LC control number 90070187
020 ## - INTERNATIONAL STANDARD BOOK NUMBER
International Standard Book Number 0842381619 (v. 1)
040 ## - CATALOGING SOURCE
Original cataloging agency DLC
Transcribing agency DLC
Modifying agency DLC
050 00 - LIBRARY OF CONGRESS CALL NUMBER
Classification number BS417
Item number .W49 1990
051 ## - LIBRARY OF CONGRESS COPY, ISSUE, OFFPRINT STATEMENT
Classification number BS570
Item number .W54 1990
082 00 - DEWEY DECIMAL CLASSIFICATION NUMBER
Classification number REF 220.3
-- B
Edition number 20
Item number W737W
100 1# - MAIN ENTRY--PERSONAL NAME
Personal name Willmington, H. L.
240 10 - UNIFORM TITLE
Uniform title Complete guide to Bible knowledge
245 10 - TITLE STATEMENT
Title Willmington's complete guide to Bible knowledge /
Statement of responsibility, etc. Harold L. Willmington.
260 ## - PUBLICATION, DISTRIBUTION, ETC.
Place of publication, distribution, etc. Wheaton, Ill. :
Name of publisher, distributor, etc. Tyndale House Publishers,
Date of publication, distribution, etc. c1990-<1993 >
300 ## - PHYSICAL DESCRIPTION
Extent <1-6 > ; 256p.;
Dimensions 24 cm.
504 ## - BIBLIOGRAPHY, ETC. NOTE
Bibliography, etc. note Includes bibliographical references.
505 1# - FORMATTED CONTENTS NOTE
Formatted contents note v. 1. Old Testament people -- [2] New Testament people -- [3] Life of Christ -- [4] New Testament survey -- [5] Old Testament survey -- [6] Introduction to theology.
630 00 - SUBJECT ADDED ENTRY--UNIFORM TITLE
Uniform title Bible
General subdivision Criticism, interpretation, etc.
630 00 - SUBJECT ADDED ENTRY--UNIFORM TITLE
Uniform title Bible
General subdivision Dictionaries.
630 00 - SUBJECT ADDED ENTRY--UNIFORM TITLE
Uniform title Bible
General subdivision Theology
-- Dictionaries.
906 ## - LOCAL DATA ELEMENT F, LDF (RLIN)
a 7
b cbc
c orignew
d 2
e opcn
f 19
g y-gencatlg
942 ## - ADDED ENTRY ELEMENTS (KOHA)
Source of classification or shelving scheme Dewey Decimal Classification
Koha item type Reference
Holdings
Withdrawn status Lost status Source of classification or shelving scheme Damaged status Not for loan Collection code Home library Current library Shelving location Date acquired Cost, normal purchase price Serial Enumeration / chronology Total Checkouts Full call number Barcode Date last seen Price effective from Koha item type
    Dewey Decimal Classification   Not For Loan Reference Harvest Mission College Harvest Mission College Reference 17.12.2018 1000.00 Part One   REF 220.3 W737W 005617 17.12.2018 17.12.2018 Reference

OPAC Designed and Maintained by HMC Library Team.
Copyright © HMC Library,Greater Noida, UP.
For any Suggestions/Query Contact library via Email:libhmc@gmail.com